[Event "SuperConstellation_Turbostar432KSO"]
[Site "?"]
[Date "2019.05.06"]
[Round "6"]
[White "Turbostar 432 KSO"]
[Black "Super Constellation"]
[Result "1/2-1/2"]
[WhiteElo "1807"]
[BlackElo "1819"]
[Annotator "Utzinger,K"]
[PlyCount "76"]
[EventDate "2019.??.??"]

1. e4 e6 {Match 120'/40 | 6. Partie | ECO E44: Französische Verteidigung 
(Tarrasch-Variante) | Remis | Zwischenstand: 3½ : 2½ (+2 -1 =3) für den
Novag Super Constellation | Der Turbostar 432 KSO behandelt mit Weiss die
Tarrasch-Variante in der Französischen Verteidigung mehr als harmlos und
tauscht auf c6 mit dem Läufer statt dem Springer. Der daraus resultierende
geringe schwarze Vorteil vermag das ungefähre Gleichgewicht nicht zu stören
und der schwarze Angriffsversuch am Königsflügel bringt die gegnerische
Stellung nicht ins Wanken. Daran ändert auch das überraschende
Qualitätsopfer des Super Constellation nichts, führt dieses Opfer doch "nur"
zu einem Dauerschach und Remis durch Zugwiederholung.} 2. d4 d5 3. Nd2 c5 4.
Ngf3 Nc6 5. exd5 exd5 {***ENDE BUCH***} 6. Bb5 {***ENDE BUCH***} cxd4 7. Nxd4
Bd7 8. Bxc6 {?! Typisch Turbostar 432 KSO, der gerne und unmotiviert seine
Läufer gegen die Springer des Gegners tauscht.} bxc6 9. O-O Bd6 {Schwarz hat
problemlosen Ausgleich erreicht.} 10. c3 {Weiss agiert zu passiv und muss
deshalb gar Schwarz einen leichten Vorteil einräumen.} (10. Re1+ Ne7 11. c4
O-O 12. cxd5 cxd5 13. N2f3 Re8 14. Ne5 Ng6 15. Nxg6 Rxe1+ 16. Qxe1 hxg6 17. Qd1
Qb6 18. b3 Re8 19. Be3 Bb8 20. Qd2 Qd6 21. g3 Qf6 22. Kg2 Be5 23. Re1 Rc8 24.
Bg5 Qd6 25. Bf4 f6 26. h4 Re8 27. Kh2 Re7 28. Be3 Bxd4 29. Bxd4 Rxe1 30. Qxe1
a6 31. a4 Qe6 32. Qxe6+ Bxe6 33. b4 Bd7 34. b5 axb5 35. a5 Bc8 36. Kg2 Kf7 37.
Kf3 b4 38. Kf4 Ba6 39. f3 Ke6 40. g4 Kd7 41. Bc5 {1/2-1/2 (41) Oleksienko,M 
(2604)-Mammadov,Z (2452) Konya 2018}) 10... Ne7 11. Re1 O-O 12. N4f3 Bc7 (12...
Qc7 {=+ ist logischer}) 13. b3 Re8 14. Bb2 Ng6 {aktiver ist 14...Lg4} 15. Rxe8+
Bxe8 16. Qc2 Nf4 (16... f6 {=+}) 17. Re1 Qd6 18. c4 Qd7 19. Ne5 (19. Be5 {=})
19... Qd6 20. Qf5 Qh6 21. Nef3 Ba5 22. Re3 Bb6 23. Re7 Bc5 24. Rb7 Bb6 25. Be5
Ng6 {?! Sowohl 25...Se6 als auch 25...Se2+ entsprechen den Bedürfnissen der
Stellung besser.} 26. cxd5 Nh4 27. Qc2 cxd5 28. Nxh4 Qxh4 {=+ Dank seines
Läuferpaars steht Schwarz eine Spur günstiger.} 29. Qf5 Rc8 30. h3 (30. Qxc8
{wäre ein schrecklicher Fehler} Qxf2+ 31. Kh1 Qe1+ 32. Nf1 Qxf1#) 30... Rc1+
31. Nf1 Re1 32. a4 Rxe5 {!? Mit diesem interessanten Qualitätsopfer erzwingt
Schwarz das Remis durch Dauerschach. Das scheint mir ein typisches Beispiel
für das Greifen der PSH-Algorithmen (Pre Scan Heuristics) des Super
Constellation zu sein. Das Programm schlägt einfach zu, weil es einige
Schachs bemerkt, die allenfalls zum Matt führen könnten.} 33. Qxe5 Qxf2+ 34.
Kh2 Qg1+ 35. Kg3 Qf2+ 36. Kh2 {Erzwungen, ansonsten der weisse König
mattgesetzt wird.} (36. Kg4 f5+ 37. Qxf5 h5+ 38. Qxh5 Bxh5+ 39. Kxh5 Qf5+ 40.
Kh4 Qf4+ 41. Kh5 Bd8 42. Re7 Bxe7 43. g3 Qg5#) 36... Qg1+ 37. Kg3 Qf2+ 38. Kh2
Qg1+ {Remis, 3x} 1/2-1/2

[Event "SuperConstellation_Turbostar432KSO"]
[Site "?"]
[Date "2019.05.07"]
[Round "7"]
[White "Super Constellation"]
[Black "Turbostar 432 KSO"]
[Result "1-0"]
[WhiteElo "1819"]
[BlackElo "1807"]
[Annotator "Utzinger,K"]
[PlyCount "125"]
[EventDate "2019.??.??"]

1. e4 e5 {Match 120'/40 | 7. Partie | ECO A78: Russische Verteidigung (Petrow)
| Weiss gewinnt | Zwischenstand: 4½-2½ (+3 -1 =3) für den Novag Super
Constellation | Ein hübscher und typischer Angriffssieg des Super
Constellation, der den Turbostar 432 KSO am Königsflügel auf undurchsichtige
Art und Weise einfach überrennt. Nach 39 Zügen hat Weiss bereits ein Plus
von Turm+Bauer. Der Rest ist Agonie. Schlicht eine vom Super Constellation
hervorragend gespielte Partie.} 2. Nf3 Nf6 3. Nxe5 d6 4. Nf3 Nxe4 5. d4 Be7 6.
Bd3 {***ENDE BUCH***} d5 7. O-O Nc6 {***ENDE BUCH***} 8. Nbd2 Nd6 9. c3 O-O {?!
} (9... Bf5 {wäre natürlich die dem vorhergehenden Zug zugrundeliegende Idee
gewesen.}) 10. Qc2 f5 {Jetzt ist eben ...Lf5 nicht mehr möglich. Der Textzug
schränkt den Lc8 ein und schwächt massgeblich das Feld e5. Dafür wird e4 zu
einem starken Punkt für Schwarz.} 11. Re1 Re8 (11... Ne4 {ist besser}) 12. Qb3
{Nun muss sich der schwarze d6-Springer wegen des Angriffs auf d5 mit einem
bescheideneren Platz als auf e4 begnügen.} Nf7 (12... Ne4 13. Nxe4 Na5 14.
Nf6+ gxf6 15. Qc2 $16) 13. Nf1 Na5 14. Qc2 g6 15. Bf4 Nc6 16. Ng3 Bd7 17. Qb3
Na5 18. Qc2 (18. Qxd5 $4 {wäre ein schrecklicher Fehler, weil die weisse Dame
nach} c6 {kein Fluchtweg mehr hätte}) 18... Bc6 {? Hier verdient 18...Sc4
jedenfalls den Vorzug.} 19. Re3 (19. Nxf5 {!! hätte dem Schwarzen sofort
grosse Sorgen beschert} gxf5 20. Bxf5 Kh8 21. Bxh7 Bd6 22. Qf5 Bxf4 23. Bg6 Bh6
24. Bxf7 {und Weiss gewinnt, z.B.} Re4 25. Rxe4 dxe4 26. Qe5+ Kh7 27. Be6 exf3
28. Bf5+ Kg8 29. Qe6+ Kg7 30. Qg6+ Kf8 31. Qxh6+ Kf7 32. Bg6+ Ke6 33. Re1+ Be4
34. Rxe4+ Kd5 35. Re5+ Kd6 36. Bf5+ Qf6 37. Qxf6#) 19... g5 {?? Dieser die
Bauern- und Königsstellung schwächende und einzig materialistisch
begründete Vorstoss führt direkt ins Verderben. Das selektive Programm sieht
offenbar nur, dass der Läufer weichen muss und dann ...f4 eine Figur gewinnt.
Dass dabei der schwarze König in akute Gefahr gerät, berücksichtigt der
Turbostar 432 KSO nicht. Nun würde 20.Le5 gewinnen. Aber der Super
Constellation wählt einen anderen Angriffsplan.} 20. Rxe7 {!?} Qxe7 {
Schlechter wäre das Schlagen mit dem Turm.} 21. Nxf5 Qd8 {Zäher ist 21...Df6}
22. Bg3 {Auch 22.Le5 und 22.Sxg5 gewinnen.} b6 23. h4 {Eine Nebenlösung ist
23.Se3 +-} h6 {Auch andere Fortsetzungen helfen nicht mehr.} 24. Ne5 {+- Die
weisse Stellung sieht übermächtig aus und sie ist es auch.} Re6 25. Nxf7 Kxf7
26. hxg5 hxg5 27. Rf1 {Einleitung zu einem versteckten Angriffsplan} (27. Qd1 {
gewinnt einfacher}) 27... Kg8 28. f4 {Weiss will die f-Linie öffnen} gxf4 (
28... g4 {ist keine Verteidigung} 29. Qd1 $18) 29. Rxf4 Nb7 {Es gibt keine
Rettung mehr.} 30. Rg4+ Kf8 31. Bh4 Qd7 32. Qd2 {Unglaublich, wie unscheinbar
und gut das Programm von David Kittinger agiert.} Qh7 33. Qf4 ({Nach} 33. Ng7 {
wird es Matt in 10}) 33... Qf7 34. Nh6 {Auf den ersten Blick unglaublich, dass
Weiss gar den Damentausch zulässt. Aber es geht alles auf für den Super
Constellation.} Re1+ (34... Qxf4 35. Rg8#) (34... Rxh6 35. Qxh6+ Ke8 36. Qh8+
Kd7 37. Bf5+ Qxf5 38. Rg7+ Kd6 39. Qh6+ Qe6 40. Bg3#) 35. Bf1 Rxf1+ (35... Qxf4
36. Rg8#) 36. Qxf1 Qxf1+ 37. Kxf1 {Am Ende der Abwicklung hat Weiss nur einen
Bauer, aber die Eroberung des gegnerischen Turms durch Tg8 lässt sich dank
der optimalen Aufstellung der weissen Figuren nicht abwenden.} Ke8 38. Rg8+ Kd7
39. Rxa8 Nd6 40. Rxa7 $2 {Natürlich kein Fehler in dem Sinne, dass etwas
verlorengeht. Nein, aber bei seinem entscheidenden materiellen Vorteil ist es
unsinnig, den aktiven Turm für längere Zeit aus dem Spiel zu nehmen.
Irgendein Zug auf der 8. Reihe war deshalb angezeigt.} Nb5 41. Ra6 Nxc3 42. Ra3
(42. bxc3 Bb5+ 43. Kf2 Bxa6 {hätte auch zum Gewinn genügt}) 42... Nb5 43. Rd3
Nd6 44. Rf3 Bb5+ 45. Ke1 Bc4 46. b3 Bb5 47. a4 Ba6 48. Nf7 Ne4 49. Ne5+ Kd6 50.
Bd8 c5 51. Bxb6 cxd4 52. Bxd4 Ke6 53. Rf7 Bd3 54. b4 Bc2 55. Ra7 Ng3 56. a5 Ba4
57. Bb2 Kd6 58. Rg7 Nf5 59. a6 Nxg7 60. a7 d4 61. Nc4+ Kd5 62. a8=Q+ Kxc4 63.
Qxa4 1-0

[Event "SuperConstellation_Turbostar432KSO"]
[Site "?"]
[Date "2019.05.08"]
[Round "8"]
[White "Turbostar 432 KSO"]
[Black "Super Constellation"]
[Result "1/2-1/2"]
[WhiteElo "1807"]
[BlackElo "1819"]
[Annotator "Utzinger,K"]
[PlyCount "52"]
[EventDate "2019.??.??"]

1. e4 c6 {Match 120'/40 | 8. Partie | ECO C09: Caro-Kann 
(Zweispringer-Variante) | Remis | Zwischenstand: 5 : 3 (+3 -1 =4) für den
Novag Super Constellation | Eine ruhige Partie, in der Turbostar 432 KSO
gleich zwei bekannte seiner schlechteren Eigenschaften demonstriert a)
unmotivierter Abtausch eines guten Läufers gegen einen Springer und b)
Deplatzierung von Figuren, dieses Mal von Springer und Dame am Damenflügel.
Nur dank dem Umstand, dass der Super Constellation darauf nicht richtig
reagiert, erhält Weiss statt einer schlechten Stellung eine solche mit
Mehrbauer. Gerade noch zeitgerecht zieht der Super Constellation die Notbremse
mit einem Läuferopfer auf g3, das ihm ein Dauerschach ermöglicht.} 2. Nc3 d5
3. Nf3 Bg4 4. h3 Bxf3 5. Qxf3 e6 {***ENDE BUCH***} 6. g3 {***ENDE BUCH***} Bc5
7. Bg2 Nf6 {Andere Fortsetzungen sind:} (7... Nd7) (7... Ne7) 8. exd5 {?!
Dieser Tausch hebt die Spannung auf und gibt Schwarz mehr Einfluss im Zentrum.}
cxd5 9. O-O Nc6 10. Na4 {?! Hier steht der Springer schlecht.} Bd6 11. d3 O-O
12. Bg5 Nd4 13. Qd1 h6 14. Bxf6 {?! Einmal mehr tauscht der Turbostar 432 KSO
unbegründet einen Läufer gegen einen Springer ab.} Qxf6 15. c3 Nc6 16. Qb3 {
+= Statt mit 16.c4 oder 16.d4 mit Ausgleich zufrieden zu sein, wird die Dame
in den Kampf geworfen, nur um einen Bauern auf b7 anzugreifen.} Ne5 {? Mit
einem Schlag macht Schwarz seinen Vorteil zunichte.} (16... Rab8 17. d4 Rfc8
18. Nc5 Bxc5 19. dxc5 Ne5 20. Qa4 (20. Qa3 Nc4 {-+}) 20... Nd3 21. Qxa7 (21.
Rab1 Nxc5 22. Qxa7 Qd8 23. Qa3 Ra8 24. Qb4 Rxa2 {-/+}) 21... Nxb2 {-/+
deutlich schwarzer Vorteil}) 17. d4 Nf3+ 18. Bxf3 Qxf3 19. Qxb7 Rfb8 20. Qc6
Bxg3 {Schwarz, der einen Bauern weniger hat und dessen Läufer angegriffen ist
und über kein gutes Rückzugsfeld verfügt, macht aus der Not eine Tugend und
opfert seinen Läufer, um ein Remis durch Dauerschach zu erreichen.} 21. fxg3
Qxg3+ 22. Kh1 Qxh3+ 23. Kg1 Qg3+ 24. Kh1 Qh3+ 25. Kg1 Qg3+ 26. Kh1 Qh3+ {
Remis 3x} 1/2-1/2

[Event "SuperConstellation_Turbostar432KSO"]
[Site "?"]
[Date "2019.05.09"]
[Round "9"]
[White "Super Constellation"]
[Black "Turbostar 432 KSO"]
[Result "0-1"]
[WhiteElo "1819"]
[BlackElo "1807"]
[Annotator "Utzinger,K"]
[PlyCount "153"]
[EventDate "2019.??.??"]

1. e4 c5 {Match 120'/40 | 9. Partie | ECO B43: Sizilianisch (Paulsen Variante)
| Remis | Zwischenstand: 5 : 4 (+3 -2 =4) für den Novag Super Constellation |
Für einmal ist es das Programm von Dave Kittinger, das die unorthodoxe
Eröffnungswahl von Schwarz zweitklassig behandelt und mit wenig aktiven
Zügen in eine schlechtere Stellung stolpert. Der schliessliche Bauernverlust
wäre vielleicht noch zu verkraften gewesen, wenn der Super Constellation im
Endspiel der Schwerfiguren (je D+T+Bauern) nicht freiwillig einen zweiten
Bauern gegeben hätte. Die vielleicht erhoffte Kompensation bleibt aus und der
Turbostar 432 hat für einmal keine Mühe, den Punkt zu holen.} 2. Nf3 e6 3. d4
cxd4 4. Nxd4 a6 {***ENDE BUCH***} 5. Nc3 {***ENDE BUCH***} Bb4 {Ein seltenes
Abspiel} 6. Bd2 (6. Bd3 {Die zweitpopulärste Fortsetzung.}) 6... Nc6 7. a3 Ba5
8. Nb3 (8. Nxc6 dxc6 9. Qg4 {+/- hätte den schwarzen Aufbau in Frage gestellt}
) 8... Bxc3 9. Bxc3 Nf6 10. Bc4 {Besser 10.f3 oder 10.Dd3} b5 11. Bd3 O-O 12.
Qe2 Bb7 {Nutzlos, muss der Läufer doch sofort wiede zurück.
Stellungsgerechtere Züge sind z.B.} (12... d6 {oder}) (12... e5) 13. Nc5 Bc8
14. e5 Nd5 15. Qe4 g6 16. O-O Nxc3 17. bxc3 Qa5 18. Qe1 {?! Nach dieser
passiven Fortsetzung, besser a2-a4, gerät Weiss in eine schlechtere Stellung,
will er keinen Bauern verlieren.} Qc7 19. f4 Nxe5 20. Nxe6 {erzwungen, um
Bauernverlust zu vermeiden} Nf3+ 21. Rxf3 fxe6 22. a4 (22. Qe5 {ist eine gute
Alternative}) 22... Bb7 23. Rf2 {Besser hätte Weiss mit 23.Le4 auf den Tausch
der Läufer gespielt.} Rxf4 24. Rxf4 Qxf4 25. axb5 Qg5 26. Qe2 Qc5+ 27. Kh1
Qxc3 {?! Schwächer als das Zurückschlagen mit dem Bauer, weil dann die
Türme vom Brett verschwinden und die Chancen auf eine aktive Verteidigung von
Weiss schwindet.} (27... axb5 28. Rxa8+ Bxa8 29. Bxb5 Qxc3 {-/+}) 28. Rd1 axb5
29. Bxb5 Bc6 30. Bxc6 Qxc6 31. c4 Ra4 32. Rf1 Qc5 (32... Qxc4 {? genügt nur
zum Remis} 33. Qf3 {und Schwarz kann Dauerschach nicht verhindern; hier sieht
man, wie wichtig es ist, dass Weiss seinen Turm noch hat.}) (32... Rxc4 {
? wird ebenfalls nur Remis nach} 33. Qf2) 33. Qf3 Qe7 34. Qb7 {? Gibt auch
noch den c4-Bauer, aber kann damit kein Remis durch Dauerschach erzwingen. Auf
jeden Fall schaufelt sich Weiss mit seinem Bauernopfer endgültig das Grab.}
Rxc4 35. Qb8+ Kg7 36. Qe5+ Kh6 37. Qe3+ Qg5 38. Qf2 Rc8 39. Qf7 Rc2 40. Qf8+
Kh5 41. Qf3+ Qg4 42. Qb7 Kh6 43. h3 Qe2 {-+ Der schwarze Druck nimmt zu, ohne
dass Weiss noch Zeit hat, irgendwelche Fallen zu stellen.} 44. Rf4 {? Die wohl
ungünstigste Fortsetzung, auf die der Turbostar 432 KSO nicht die beste
Antwort findet.} Qe1+ {Es gewinnt 44...g5 am einfachsten.} (44... g5 45. Rg4
Qe1+ 46. Kh2 Qe5+ 47. Rg3 Rc3 48. Qf3 Rxf3 49. gxf3 Qxg3+ 50. Kxg3 e5 {mit
gewonnenem Bauernendspiel}) 45. Kh2 Qe5 46. Qe4 Qxe4 47. Rxe4 Kg5 {Natürlich
ist das Turmendspiel mit zwei verbunden Mehrbauern für Schwarz auch gewonnen.}
48. Kg3 Rc3+ 49. Kf2 Kf5 50. Rb4 Rc7 51. Ke3 e5 52. Kd3 d6 53. g4+ Ke6 54. Kd2
Ra7 55. Ke2 Ra3 56. h4 Rh3 57. g5 Kf5 58. Kf2 e4 59. Rb6 Ke5 60. Rb7 Rxh4 {
Schon sind es drei Mehrbauern} 61. Kg3 Rh5 62. Kg4 d5 63. Re7+ Kd6 64. Re8 Rh1
65. Kg3 Rg1+ 66. Kh4 Rg2 67. Rd8+ Ke5 68. Re8+ Kf4 69. Rf8+ Ke3 70. Rf1 Rf2 71.
Rd1 Kf4 72. Kh3 e3 73. Rd4+ Ke5 74. Rd1 e2 75. Rc1 Rf1 76. Rc8 Kd4 77. Re8 {
Weiss gibt auf} 0-1

[Event "SuperConstellation_Turbostar432KSO"]
[Site "?"]
[Date "2019.05.10"]
[Round "10"]
[White "Turbostar 432 KSO"]
[Black "Super Constellation"]
[Result "1-0"]
[WhiteElo "1807"]
[BlackElo "1819"]
[Annotator "Utzinger,K"]
[PlyCount "92"]
[EventDate "2019.??.??"]

1. d4 Nf6 {Match 120'/40 | 10. Partie | ECO B43: Königsindisch (Klassisches
System) | Weiss gewinnt | Zwischenstand: 5 : 5 (+3 -3 =4) | Eine Partie mit
Ungenauigkeiten wie ein Sack von Flöhen mit einem guten Ende für den
Turbostar 432 KSO. Es war aber offenbar wirklich nicht einfach, bei den
komplizierten Abtauschorgien den Überblick zu behalten. Jedenfalls hat sich
schliesslich das unbegründete Bauernopfer des Super Constellation nicht
ausgezahlt.} 2. c4 g6 3. Nc3 Bg7 4. e4 d6 5. Nf3 O-O 6. Be2 e5 {***ENDE BUCH***
} 7. dxe5 {Andere Fortsetzungen sind üblicher:} ({a)} 7. O-O Nc6 8. d5 Ne7) ({
b)} 7. d5 a5) ({c)} 7. Be3 Ng4 8. Bg5) 7... dxe5 8. Qxd8 Rxd8 9. Bg5 Nbd7 10.
O-O-O Rf8 11. Ne1 {***ENDE BUCH***} b5 {? Gegen die von Weiss harmlos
gewählte Eröffnungsvariante geht der Super Constellation völlig
unberechtigt mit der Brechstange vor.} 12. Nxb5 ({Gegen} 12. cxb5 {spricht
absolut nichts, verbleibt Schwarz einfach mit einem Minusbauer}) 12... Nxe4 13.
Nxc7 {? Die falsche Wahl.} (13. Be3 c5 (13... c6 14. Nxa7 {weisser Plusbauer})
14. Bf3 Ndf6 15. g4 Bxg4 16. Bxe4 Nxe4 17. f3 Nf6 18. fxg4 Nxg4 19. Nc2 Nxe3
20. Nxe3 {+/- und Weiss steht deutlich besser}) 13... Nxf2 14. Nxa8 {?! Erneut
nicht die beste Wahl} (14. Rf1 Nxd1 15. Nxa8 Nxb2 16. Kxb2 e4+ 17. Kc1 {
weisse Mehrfigur gegen einen Bauern}) 14... Nxh1 15. Be3 Nf6 16. Nc7 Bg4 (16...
Ng4 {verdient den Vorzug}) 17. Nf3 Rc8 18. Nb5 (18. Nd5 {ist stärker} Nxd5 19.
Rxd5) 18... e4 19. Rxh1 exf3 20. gxf3 {Trotz diverser Ungenauigkeiten steht
Weiss noch immer besser.} a6 {?! Macht es dem Gegner zu einfach.} (20... Re8 {
leistet mehr Widerstand}) 21. Nd6 Rd8 22. Nxf7 (22. fxg4 Rxd6 23. Bf3 Re6 24.
Re1 {und Weiss steht ebenfalls gewinnträchtig}) 22... Re8 23. Kd2 Kxf7 24.
fxg4 Rd8+ 25. Kc2 Re8 26. Kd2 Rd8+ 27. Ke1 Re8 28. Kf2 Ne4+ 29. Kf3 Bxb2 30.
Rb1 (30. c5 {+-}) 30... Bg7 {? Verliert sang- und klanglos.} 31. Rb7+ Kf8 32.
Bd3 {Der Turbostar 432 KSO hat kein Gespür für Freibauern.} (32. c5 {gewinnt
am schnellsten}) 32... Nf6 33. Bb6 {umständlich} ({Weshalb nicht} 33. g5 Nh5
34. c5 {und gewinnt}) 33... Re1 34. g5 Ne8 35. Ra7 Rd1 36. Bc5+ Kg8 37. Be4
Rf1+ 38. Ke2 Ra1 39. Ra8 Rxa2+ 40. Kd3 Bb2 41. Rxe8+ Kg7 42. Rb8 Ra5 43. Bd5 h5
44. Bf8+ Kh7 45. Rxb2 Kh8 46. Rb7 {Matt lässt sich nun nicht mehr vermeiden.}
Rxd5+ {Schwarz gibt auf} 1-0